| 000 -LEADER |
| fixed length control field |
00700nam a22000977a 4500 |
| 008 - FIXED-LENGTH DATA ELEMENTS--GENERAL INFORMATION |
| fixed length control field |
160314b xxu||||| |||| 00| 0 eng d |
| 100 ## - MAIN ENTRY--AUTHOR'S NAME |
| Author's Name |
Erler, Martin |
| 245 ## - TITLE STATEMENT |
| Title |
Katalog der Stempelmarken von Deutschland VIII. Deutsche Besatzungsausgaben 1914-1919 / 1939-1945 ; Alliierte Besatzungsausgaben 1947-1951 vol 8 |
| Remainder of title |
Catalogue of the adhesive revenue stamps of Germany VIII. German Occupation issues / 1914-1919 / 1938-1945 ; Allied Occupation issues 1947-1951 |
| 260 ## - PUBLICATION, DISTRIBUTION, ETC. (IMPRINT) |
| Place of publication, distribution, etc. |
Icking, Germany |
| Name of publisher, distributor, etc. |
ORA Verlag |
| Date of publication, distribution, etc. |
1983 |
| 650 ## - TOPICAL TERM (Tag) |
| Topical term or geographic name |
Germany | Revenues | Catalogs and Price Lists | Occupation Issues | World War I, 1914-1918 | World War II, 1939-1945 | Allied Occupation | 1947-1951 | Post World War II | Cinderella Material |